01453nam a2200373Ia 4500001001200000003000800012006001900020007001500039008004100054010001700095020004300112020001800155040002100173035002100194050002600215082001900241100002100260245013200281260003900413300001100452490003500463504005100498533015200549650004600701650003100747650001600778650003500794650003600829650002500865655002900890710001700919856012600936999001701062ebr10605705CaPaEBRm u cr cn|||||||||120319s2012 mau sb 001 0 eng d z 2012004559 z9780262017954 (hardcover : alk. paper) z9780262305334 aCaPaEBRcCaPaEBR a(OCoLC)81234633614aK1447.95b.P67 2012eb04a345/.026622231 aPostigo, Hector.14aThe digital rights movementh[electronic resource] :bthe role of technology in subverting digital copyright /cHector Postigo. aCambridge, MA :bMIT Press,c2012. a244 p.0 aThe information society series aIncludes bibliographical references and index. aElectronic reproduction.bPalo Alto, Calif. :cebrary,d2011.nAvailable via World Wide Web.nAccess may be limited to ebrary affiliated libraries. 0aCopyright and electronic data processing. 0aDigital rights management. 0aHacktivism. 0aInternetxLaw and legislation. 0aPiracy (Copyright)xPrevention. 0aFair use (Copyright) 7aElectronic books.2local2 aebrary, Inc.40uhttp://site.ebrary.com/lib/rucke/Doc?id=10605705zAn electronic book accessible through the World Wide Web; click to view c96317d96317